AMLO : historia política y personal del jefe de gobierno del D.F. /

Obra en que se revisa, de manera integral, la trayectoria personal y política del jefe de gobierno del Distrito Federal. Más allá del manejo mediático de la persona, los autores abordan sus ideas, principios, contradicciones y estrategias.

Tallennettuna:
Bibliografiset tiedot
Päätekijä: Trelles, Alejandro (autor)
Muut tekijät: Zagal, Héctor (autor) (autor)
Aineistotyyppi: Kirja
Kieli:espanja
Julkaistu: México : Plaza y Janés, 2004, c2004
Aiheet:
Tagit: Lisää tagi
Ei tageja, Lisää ensimmäinen tagi!

MARC

LEADER 00000nam^a2200000^a^4500
001 000171958
005 20250521000000.0
009 20260310101402.315
020 |a 968-5956-70-7 
037 |a Acervo ITESO - Biblioteca 
041 |a ESP 
082 |a 320. 9720711  |b TRE 
100 |a Trelles, Alejandro  |e (autor) 
245 1 0 |a AMLO :  |b historia política y personal del jefe de gobierno del D.F. /  |c A. Trelles, Héctor Zagal Arreguín. 
246 2 |a Título en la cubierta: AMLO: historia política y personal del jefe de gobierno del D.F.: claves para conocer al más controvertido líder de México 
264 4 |a México :  |b Plaza y Janés,  |c 2004, c2004 
300 |a 289 p. 
336 |a texto  |b txt  |2 rdacontenido 
337 |a sin mediación  |b n  |2 rdamedio 
338 |a volumen  |b nc  |2 rdasoporte 
520 |a Obra en que se revisa, de manera integral, la trayectoria personal y política del jefe de gobierno del Distrito Federal. Más allá del manejo mediático de la persona, los autores abordan sus ideas, principios, contradicciones y estrategias. 
649 |a XX 
650 |a Gobernadores Mexicanos 
650 |a Políticos Mexicanos 
650 |a Intelectuales y Estado -  |z México (Ciudad) 
650 |a Gobernantes y Gobernados -  |z México (Ciudad) 
650 |a Pobreza -  |z México (Ciudad) 
650 |a Marginación -  |z México (Ciudad) 
650 |a Corrupción -  |z México (Ciudad) 
650 |a Violencia -  |z México (Ciudad) 
650 |a Seguridad Pública -  |z México (Ciudad) 
650 |a Conservación y Protección Ambiental -  |z México (Ciudad) 
650 |a Problemas Sociales -  |z México (Ciudad) 
650 |a Programas Sociales -  |z México (Ciudad) 
650 |a Programas Gubernamentales -  |z México (Ciudad) 
650 |a Propaganda -  |z México (Ciudad) 
650 |a Comunicación y Política -  |z México (Ciudad) 
650 |a Partido de la Revolución Democrática -  |z México (Ciudad) 
650 |a Partidos Políticos -  |z México (Ciudad) 
650 |a Separación de Poderes -  |z México (Ciudad) 
650 |a Poder Político -  |z México (Ciudad) 
650 |a Plataforma Política -  |z México (Ciudad) 
650 |a Administración Pública -  |z México (Ciudad) -  |x Historia -  |y 2000-2006 
650 |a Administración Pública -  |z México -  |x Historia -  |y 2000-2006 
650 |a Política -  |z México (Ciudad) -  |x Historia -  |y 2000-2006 
650 |a Política -  |z México -  |x Historia -  |y 2000-2006 
650 |a México (Ciudad) -  |x Condiciones Políticas 
650 |a México -  |x Condiciones Políticas 
650 |a López Obrador, Andrés Manuel 
700 |a Zagal, Héctor  |e (autor) 
910 |a Fondo General 
920 |a Impresos - Libros 
930 |a Colección General 
905 |a 101 
901 |a 0500109800  |b IT1  |c ACC  |u 20250521 
902 |a https://opac.biblio.iteso.mx/vufind/Record/000171958